Statistiche per Squadre retrocesse in Serie B solo una volta

Clicka qui per fare il quiz!

Statistiche generali

  • Questo quiz è stato fatto 14 volte
  • Il punteggio medio è 7 su 10

Statistiche sulle risposte

RegioneSquadra% Corretto
LazioRoma
92%
PiemonteJuventus
85%
LiguriaSpezia
85%
CampaniaAvellino
77%
PiemontePro Vercelli
77%
PiemonteCasale
62%
Emilia-RomagnaCarpi
54%
VenetoTreviso
54%
ToscanaPistoiese
46%
LiguriaSampierdarenese
31%

Distribuzione punteggi

Percentile per numero di risposta

Percentuale di utenti per punteggio

I tuoi punteggi nel tempo

Non hai fatto questo quiz